000 00285nam a2200121 a 4500
008 100921s1987|||| d
245 1 0 _aBabylon 1
100 1 _aFiguli, Margita
020 _c52
260 _bSlovenský spisovateľ
_aBratislava
_c1987
044 _axo
_cSK
041 _aslo
999 _c10551
_d10551